Gerak kerja kokurikulum (sukan) / (Record no. 2176)

000 -LEADER
fixed length control field nam a22 a 4500
003 - CONTROL NUMBER IDENTIFIER
control field AKMAL
005 - DATE AND TIME OF LATEST TRANSACTION
control field 20170515145854.0
008 - FIXED-LENGTH DATA ELEMENTS--GENERAL INFORMATION
fixed length control field 170515s1996 myb 00 may d
020 ## - INTERNATIONAL STANDARD BOOK NUMBER
International Standard Book Number 9676536555 (kkt.):
Terms of availability RM 17.50
040 ## - CATALOGING SOURCE
Original cataloging agency AKMAL
Transcribing agency AKMAL
049 ## - LOCAL HOLDINGS (OCLC)
Holding library mal
082 04 - DEWEY DECIMAL CLASSIFICATION NUMBER
Classification number 371.89 WEE
090 ## - LOCALLY ASSIGNED LC-TYPE CALL NUMBER (OCLC); LOCAL CALL NUMBER (RLIN)
Classification number (OCLC) (R) ; Classification number, CALL (RLIN) (NR) 371.89
Local cutter number (OCLC) ; Book number/undivided call number, CALL (RLIN) WEE
090 20 - LOCALLY ASSIGNED LC-TYPE CALL NUMBER (OCLC); LOCAL CALL NUMBER (RLIN)
Classification number (OCLC) (R) ; Classification number, CALL (RLIN) (NR) 371.89
Local cutter number (OCLC) ; Book number/undivided call number, CALL (RLIN) WEE
100 1# - MAIN ENTRY--PERSONAL NAME
Personal name Wee, Eng Hoe
9 (RLIN) 4576
245 10 - TITLE STATEMENT
Title Gerak kerja kokurikulum (sukan) /
Statement of responsibility, etc. Wee Eng Hoe
260 ## - PUBLICATION, DISTRIBUTION, ETC.
Place of publication, distribution, etc. Shah Alam :
Name of publisher, distributor, etc. Fajar Bakti,
Date of publication, distribution, etc. 1996
300 ## - PHYSICAL DESCRIPTION
Extent 513ms. :
Other physical details il. ;
Dimensions 22cm
440 ## - SERIES STATEMENT/ADDED ENTRY--TITLE
Title Siri diploma perguruan
9 (RLIN) 4577
500 ## - GENERAL NOTE
General note Mengandungi indeks
504 ## - BIBLIOGRAPHY, ETC. NOTE
Bibliography, etc. note Bibliografi: ms. 507-511
650 ## - SUBJECT ADDED ENTRY--TOPICAL TERM
Topical term or geographic name entry element Student activities
9 (RLIN) 4578
650 ## - SUBJECT ADDED ENTRY--TOPICAL TERM
Topical term or geographic name entry element Sports
9 (RLIN) 4579
942 ## - ADDED ENTRY ELEMENTS (KOHA)
Source of classification or shelving scheme
Koha item type Book
Holdings
Withdrawn status Lost status Source of classification or shelving scheme Damaged status Not for loan Collection code Home library Current library Date acquired Inventory number Total Checkouts Full call number Barcode Date last seen Price effective from Koha item type
          NON-FICTION AKMAL Melaka AKMAL Melaka 15.05.2017 002534   371.89 WEE 201706388 15.05.2017 15.05.2017 Book
Pusat Sumber Maklumat Dato' Haji Sarmin Md Hussin, Akademi Kastam Diraja Malaysia, Melaka
Tel: 06-2331106 | Faks: 06-2313787